[Event "Moscow op-B (Women)"]
[Site "Moscow"]
[Date "2016.02.05"]
[Round "7"]
[White "Alekseeva, Irina Kon"]
[Black "Maltsevskaya, Aleksandra"]
[Result "0-1"]
[WhiteElo "2119"]
[BlackElo "2258"]
[PlyCount "106"]
[EventDate "2016.01.30"]
[EventType "swiss"]
[EventRounds "9"]
[EventCountry "RUS"]
[SourceTitle "CBM 170 Extra"]
[Source "ChessBase"]
[SourceDate "2016.02.25"]
[SourceVersion "1"]
[SourceVersionDate "2016.02.25"]
[SourceQuality "1"]

1. e4 c5 2. Nf3 e6 3. d4 cxd4 4. Nxd4 Nc6 5. Nc3 a6 6. Be3 Nf6 7. Bd3 d5 8. exd5 exd5 9. h3 Be7 10. Qd2 0-0 11. 0-0-0 Ne5 12. g4 Bb4 13. f4 Nc4 14. Bxc4 dxc4 15. Nde2 Qa5 16. Qd4 Be6 17. Qb6 Rfd8 18. a3 Rxd1+ 19. Rxd1 Qxb6 20. Bxb6 Be7 21. f5 Bc8 22. Nf4 Nd7 23. Nfd5 Bg5+ 24. Kb1 Kf8 25. a4 a5 26. Ne4 Be7 27. Rd4 c3 28. Nexc3 g6 29. Nb5 gxf5 30. gxf5 Nxb6 31. Nxb6 Rb8 32. Rd5 h5 33. Na7 Ke8 34. Naxc8 Bb4 35. c3 Bf8 36. f6 h4 37. Rxa5 Kd8 38. Rd5+ Kc7 39. Rd7+ Kc6 40. Rd8 Bc5 41. Ne7+ Kc7 42. Nbd5+ Kxd8 43. Nf5 Bf2 44. Kc2 Kd7 45. Kd3 Rg8 46. Ke4 Rg1 47. Nh6 Ke8 48. Ng4 Bg3 49. b4 Rh1 50. a5 Rxh3 51. c4 Rh1 52. Kf3 Rg1 53. b5 h3 0-1

[Event "Moscow op-B (Women)"]
[Site "Moscow"]
[Date "2016.02.03"]
[Round "5"]
[White "Alekseeva, Irina Kon"]
[Black "Tsolakidou, Stavroula"]
[Result "0-1"]
[WhiteElo "2119"]
[BlackElo "2338"]
[PlyCount "68"]
[EventDate "2016.01.30"]
[EventType "swiss"]
[EventRounds "9"]
[EventCountry "RUS"]
[SourceTitle "CBM 170 Extra"]
[Source "ChessBase"]
[SourceDate "2016.02.25"]
[SourceVersion "1"]
[SourceVersionDate "2016.02.25"]
[SourceQuality "1"]

1. d4 Nf6 2. Nf3 e6 3. e3 b6 4. Bd3 Bb7 5. 0-0 c5 6. b3 cxd4 7. exd4 Be7 8. Bb2 0-0 9. Nbd2 Nc6 10. a3 Nd5 11. Re1 Nf4 12. Bf1 d5 13. g3 Nh5 14. Ne5 Nf6 15. Bg2 Rc8 16. Rc1 Rc7 17. f4 Ne8 18. Ndf3 Nd6 19. Qe2 Na5 20. Nd2 Qc8 21. Nb1 Ba6 22. Qd2 Bb5 23. Nc3 Be8 24. g4 f6 25. Nd3 Ndc4 26. bxc4 Nxc4 27. Qe2 Nxb2 28. Nxd5 exd5 29. Bxd5+ Kh8 30. Nxb2 Bxa3 31. Nc4 Bxc1 32. Nd6 Qd8 33. Nxe8 Rc8 34. Rxc1 Qxd5 0-1

[Event "Satka Autumn op (Women)"]
[Site "Satka"]
[Date "2015.09.30"]
[Round "9"]
[White "Alekseeva, Irina Kon"]
[Black "Schepetkova, Margarita"]
[Result "1/2-1/2"]
[WhiteElo "2150"]
[BlackElo "2275"]
[PlyCount "87"]
[EventDate "2015.09.22"]
[EventType "swiss"]
[EventRounds "9"]
[EventCountry "RUS"]
[SourceTitle "CBM 168 Extra"]
[Source "ChessBase"]
[SourceDate "2015.10.29"]
[SourceVersion "1"]
[SourceVersionDate "2015.10.29"]
[SourceQuality "1"]

1. e4 c6 2. d4 d5 3. exd5 cxd5 4. Bd3 Nc6 5. c3 Qc7 6. Ne2 Bg4 7. h3 Bxe2 8. Qxe2 Nxd4 9. Qg4 Nc6 10. 0-0 Nf6 11. Qh4 e6 12. Bg5 Be7 13. b4 a6 14. Re1 h6 15. a4 Ne5 16. Bc2 0-0-0 17. Bd2 Nfg4 18. Qg3 Bd6 19. hxg4 h5 20. Bf4 f6 21. g5 h4 22. Qh3 f5 23. Bxe5 Bxe5 24. Bxf5 Kb8 25. Bxe6 d4 26. c4 d3 27. Ra2 Rhe8 28. Rd1 Bf4 29. Bd5 d2 30. Raxd2 Re5 31. Rd4 Rde8 32. Rf1 Rxg5 33. Nc3 Rg3 34. fxg3 Be3+ 35. Kh1 Bxd4 36. Ne4 hxg3 37. Nc5 Qf4 38. Bf3 g6 39. Ne6 Qe5 40. Nxd4 Rh8 41. Ne2 Rxh3+ 42. gxh3 Qe6 43. Kg2 Qxc4 44. Rd1 1/2-1/2

[Event "Satka Autumn op (Women)"]
[Site "Satka"]
[Date "2015.09.27"]
[Round "6"]
[White "Trapeznikova, Darya"]
[Black "Alekseeva, Irina Kon"]
[Result "1-0"]
[WhiteElo "2092"]
[BlackElo "2150"]
[PlyCount "77"]
[EventDate "2015.09.22"]
[EventType "swiss"]
[EventRounds "9"]
[EventCountry "RUS"]
[SourceTitle "CBM 168 Extra"]
[Source "ChessBase"]
[SourceDate "2015.10.29"]
[SourceVersion "1"]
[SourceVersionDate "2015.10.29"]
[SourceQuality "1"]

1. d4 e6 2. c4 f5 3. Nc3 Nf6 4. e3 Nc6 5. Bd3 d6 6. Qc2 g6 7. Nge2 Bg7 8. a3 0-0 9. 0-0 e5 10. f3 exd4 11. exd4 Nh5 12. Be3 f4 13. Bf2 Ne7 14. Bh4 c6 15. Rfe1 Rf7 16. d5 Qb6+ 17. Bf2 c5 18. b4 Nf5 19. bxc5 dxc5 20. Rab1 Qd8 21. Bxc5 Ne3 22. Bxe3 fxe3 23. c5 Bf5 24. d6 Be5 25. g3 b6 26. f4 Bg7 27. Ne4 Kh8 28. Ng5 Rf6 29. Bxf5 gxf5 30. Qc4 Qf8 31. d7 h6 32. c6 Rxc6 33. Qxc6 hxg5 34. Rbc1 Rd8 35. Qe6 Kh7 36. fxg5 f4 37. Rf1 f3 38. Qe4+ Kh8 39. Rxf3 1-0